Statistiques concernant đŸŽ¶ Paroles "Chanson d'automne" Volo

Cliquez ici pour prendre le quiz!

Statistiques générales

  • Ce quiz a Ă©tĂ© pris 12 fois
  • Le rĂ©sultat moyen est 185 sur 283

Statistiques - réponses

Mots% Correct
Ă 
100%
au
100%
Au
100%
automne
100%
bal
100%
c'
100%
D'
100%
de
100%
De
100%
des
100%
Des
100%
en
100%
Et
100%
je
100%
Je
100%
l'
100%
lĂ 
100%
la
100%
le
100%
les
100%
Les
100%
m'
100%
me
100%
mon
100%
par
100%
Tout
100%
une
100%
vais,
100%
vais
100%
wouwou
100%
aux
75%
ce
75%
coeur
75%
dans
75%
dit
75%
est
75%
Feuilles
75%
hasard
75%
jours
75%
mais
75%
mortes
75%
n'
75%
ne
75%
on
75%
oĂč
75%
part
75%
peut
75%
plus
75%
pour
75%
qu'
75%
quand
75%
Qui
75%
sais
75%
sans
75%
trop
75%
y
75%
anciens
50%
avoir
50%
bien
50%
ça
50%
comme
50%
croire
50%
dire
50%
Ă©tait
50%
grand
50%
jamais
50%
langueur
50%
mal
50%
mauvais
50%
Monotone
50%
pleure
50%
souviens
50%
vent
50%
ailleurs
25%
air
25%
blĂȘme
25%
Blessent
25%
conclu
25%
couru
25%
départ
25%
depuis
25%
emporte
25%
entendu
25%
faire
25%
heure
25%
heureux
25%
longs
25%
marché
25%
Pareil
25%
parlons
25%
personne
25%
rire
25%
sait-
25%
sanglots
25%
seigneur
25%
seul
25%
Sonne
25%
sourire
25%
ton
25%
trouver
25%
violons
25%
voir
25%
adieu
0%
ambiance
0%
atmosphĂšre
0%
avouer
0%
bienvenue
0%
bruit
0%
cheveux
0%
choisir
0%
circonstance
0%
derniĂšre
0%
dois
0%
Ă©tendu,
0%
gomme
0%
grains
0%
haie,
0%
incapable
0%
lesquels
0%
mettre
0%
mieux
0%
nulle
0%
partout
0%
sable
0%
sacré
0%
souffrir
0%
suffocant
0%
vaincu
0%
vaut
0%

Distribution des résultats

Percentile par nombre de réponses

% des personnes avec chaque résultat

Votre développement - résultats

Vous n’avez pas pris ce quiz